[Event "Satka Autumn op (Women)"]
[Site "Satka"]
[Date "2015.09.25"]
[Round "4"]
[White "Aliverdieva, Elina"]
[Black "Mirgalina, Anna"]
[Result "1-0"]
[WhiteElo "1579"]
[BlackElo "1255"]
[PlyCount "89"]
[EventDate "2015.09.22"]
[EventType "swiss"]
[EventRounds "9"]
[EventCountry "RUS"]
[SourceTitle "CBM 168 Extra"]
[Source "ChessBase"]
[SourceDate "2015.10.29"]
[SourceVersion "1"]
[SourceVersionDate "2015.10.29"]
[SourceQuality "1"]

1. e4 c5 2. Nf3 d6 3. d4 cxd4 4. Nxd4 Nf6 5. Nc3 g6 6. Be3 Bg7 7. f3 0-0 8. Qd2 a6 9. g4 b5 10. 0-0-0 Nfd7 11. h4 Ne5 12. h5 Nc4 13. Bxc4 bxc4 14. Bh6 Bxd4 15. Qxd4 e5 16. Qxd6 Qxd6 17. Rxd6 Re8 18. Rhd1 Nd7 19. Nd5 Re6 20. Nb6 Rb8 21. Rxe6 fxe6 22. Nxd7 Bxd7 23. Rxd7 gxh5 24. gxh5 Ra8 25. Re7 Rc8 26. Rxe6 c3 27. Rxe5 cxb2+ 28. Kxb2 Rb8+ 29. Kc1 Ra8 30. Re7 a5 31. Bg5 a4 32. Rd7 a3 33. Rd8+ Rxd8 34. Bxd8 Kf7 35. c4 Ke8 36. Bg5 Kd7 37. c5 Kc6 38. Be7 Kd7 39. Bd6 Kc8 40. f4 Kd7 41. f5 Kd8 42. f6 Ke8 43. c6 Kd8 44. f7 h6 45. f8Q# 1-0